01302 a2200169 4500003000400000005001700004008004100021020001800062100002200080245001900102260004100121300001000162520080300172942001200975999001900987952012601006OSt20251210140622.0251210b |||||||| |||| 00| 0 eng d a9788184959802 aPillai R.9215598 aKatha Chanakya bJaico Publishing Housec2024aMumbai a241pp aEmperor Chadragupta’s beloved teacher, Chanakya had a life that was as fraught with mystery as it was replete with wisdom. His words and actions were meticulously engineered and executed. Chanakya taught the important lessons in life by example and that is exactly what veteran author Radhakrishnan Pillai does through this wonderful book. Katha Chanakya narrates tales from the great Acharya’s life, and puts into modern context the policies and practices of India’s most strategic dreamer and thinker. Some of these stories are real and some fictional. But all are focused on the welfare of the people, be it the dilemma of choosing a new leader, rooting out corruption or defeating a great enemy. If you have a vision, if you have a dream, Katha Chanakya will help you make it a reality. cBK2ddc c369299d369299 00102ddc40708MCAa001b001d2025-12-06e8g262.50l0pKBJP-BK-2899r2025-12-06 00:00:00v350.00w2025-12-06yBKz2899